书目信息 |
| 书名: | Bitter fruit | |
| 作者: | Stephen Schlesinger and Stephen Kinzer | |
| 分册号: | ||
| 分册名: | 出版地: | [Boston, Mass.] : |
|
| 出版社: | Harvard University, David Rockefeller Center for Latin American Studies | |
| 出版时间: | 1999. | |
| 页数: | xxviii, 331 p. : | |
| 开本: | 23 cm. | |
| 丛书名: | ||
| 中图分类号: | ||
| 科图分类号: | ||
| 其他分类号: | K741 | |
| 主题词: | ||
| 电子资源: | ||
| 000 | 01384nam 2200349 a 4500 | |
| 001 | E0735865694 | |
| 003 | OCoLC | |
| 005 | 20070414095949.54 | |
| 008 | 001 0 eng | |
| 008 | uu | |
| 010 | @a00503030 | |
| 020 | @a0674075900. | |
| 040 | @aDLC @cDLC | |
| 042 | @apcc | |
| 043 | @ancgt--- @an-us--- | |
| 049 | @aN5LA | |
| 050 | 00 | @aF1466.5 @b.S34 1999 |
| 082 | 00 | @a972.8105/2 @221 |
| 090 | @aK741 | |
| 099 | @dK741@ex3 | |
| 100 | 1 | @aSchlesinger, Stephen C. |
| 245 | 10 | @aBitter fruit :@bthe story of the American coup in Guatemala, Expanded ed., 1st David Rockefeller Center for Latin American Studies ed. / @cStephen Schlesinger and Stephen Kinzer |
| 250 | @aExpanded ed., 1st David Rockefeller Center for Latin American Studies ed. | |
| 260 | @a[Boston, Mass.] :@bHarvard University, David Rockefeller Center for Latin American Studies,@c1999. | |
| 300 | @axxviii, 331 p. :@bill.,@3maps ;@c23 cm. | |
| 504 | @aIncludes bibliographical references (p. [304]-316) and index. | |
| 610 | 20 | @aUnited Fruit Company. |
| 651 | 0 | @aGuatemala @xForeign relations @zUnited States. |
| 651 | 0 | @aGuatemala @xHistory @yRevolution, 1954. |
| 651 | 0 | @aUnited States @xForeign relations @zGuatemala. |
| 700 | 1 | @aKinzer, Stephen, @ejt. auth. @b00 @c20020930 @lNLC09 @h2255 @lNLC09 @h0038 @lNLC09 @h2036 |
| 852 | 9 | @bWWJC @cJ09 @k2-2001 @hK741.5 @iS342 |
| Bitter fruit : : the story of the American coup in Guatemala, Expanded ed., 1st David Rockefeller Center for Latin American Studies ed. / / Stephen Schlesinger and Stephen Kinzer.-Expanded ed., 1st David Rockefeller Center for Latin American Studies ed.-[Boston, Mass.] : : Harvard University, David Rockefeller Center for Latin American Studies, , 1999. |
| xxviii, 331 p. : : ill., ; 23 cm. |
| Includes bibliographical references (p. [304]-316) and index. |
| ISBN 0674075900. |
| ● |
| 相关链接 |
|
|
|
|
正题名:Bitter fruit
索取号:K741/x3
 
预约/预借
| 序号 | 登录号 | 条形码 | 馆藏地/架位号 | 状态 | 备注 |
| 1 | 4023 | 300040239 | 第二样本阅览室/ [索取号:K741/x3] | 在馆 | |
| 2 | 4024 | 300040248 | 第四借阅区/ [索取号:K741/x3] | 在馆 | |
| 3 | 4025 | 300040257 | 第四借阅区/ [索取号:K741/x3] | 在馆 |